Nazwij moba z Minecrafta A-Z - Statystyki

Ogólne statystyki
  • Ten quiz został rozwiązany 5 691 razy
  • Średni wynik to 11 z 23
Statystyki odpowiedzi
Litera Mob % Poprawnych
K Kałamarnica | Kijanka | Koń | Kostka magmy | Kot | Krowa | Królik | Kurczak | Kurzy jeździec | Koń szkielet | Koza
87%
Z Zoglin | Zombie | Zzombifikowany piglin
86%
S Shulker | Smok Endu | Strażnik | Szkielet | Szkieletowa pułapka | Szlam
82%
P Pająk | Pająk jaskiniowy | Pajęczy jeździec | Panda | Papuga | Piglin | Piglin okrutnik | Płomyk | Posuch | Prastrażnik | Przywoływacz | Pszczoła | Pancernik
79%
O Obrońca | Ocelot | Osadnik | Osadnik zombie | Osioł | Owca | Otuszek
78%
Ś Świnia | Świecąca kałamarnica
72%
W Wędrowny handlarz | Wiedźma | Wilk | Wither | Witherowy szkielet | Wielbłąd | Wesoły ghast
68%
C Creeper
67%
E Enderman | Endermit
63%
Ż Żaba | Żelazny golem | Żółw
58%
L Lama | Lis
46%
G Ghast
42%
D Delfin | Dewastator | Dorsz | Dręczyciel
34%
Ł Łosoś
34%
R Rozbójnik | Rozdymka | Ryba tropikalna | Rybik cukrowy
34%
N Nadzorca | Niedzwiedź polarny | Nietoperz | Niuchacz
32%
A Aksolotl
31%
B Bałwan | Breeze
18%
U Utopiec
17%
M Magmołaz | Mooshroom | Muł
16%
H Hoglin
15%
F Fantom
13%
T Tułacz
7%
Nie znaleziono quizów pasujących do podanych kryteriów
Rozkład punktacji
Procent ludzi z każdym wynikiem
Percentyl według liczby udzielonych odpowiedzi
Twoja historia wyników
Nie rozwiązałeś tego quizu